| 000 | 00625nam a2200229Ia 4500 | ||
|---|---|---|---|
| 003 | OSt | ||
| 005 | 20220928104205.0 | ||
| 006 | a|||||r|||| 00| 0 | ||
| 007 | ta | ||
| 008 | 220927b |||||||| |||| 00| 0 san d | ||
| 024 | _a112098 | ||
| 037 | _cTextual | ||
| 040 |
_aSDCL _cSDCL _bsan |
||
| 041 |
_2san _asan |
||
| 082 | _aQ2xM23:g(X), N1 | ||
| 100 |
_aRamKrishana Arya _9409527 |
||
| 245 | 0 | _aSwami Dayanand ka arthik chintan. | |
| 260 |
_aKota _bArya Pariwar Prakashan Samiti _c1991 |
||
| 300 |
_a271p. _ccm. |
||
| 942 |
_hQ2xM23:g(X), N1 _cTEXL _2CC |
||
| 999 |
_c725094 _d725094 |
||